| 000 | 00493nam a2200169 a 4500 | ||
|---|---|---|---|
| 001 | 3972 | ||
| 005 | 20140414131928.0 | ||
| 008 | 040721s19uu xx 00 eng d | ||
| 020 | _a0-307-00308-6 | ||
| 050 |
_aER _bT43 1990 |
||
| 100 | _aDurrell, Julie | ||
| 245 |
_aTickety-tock : _bwhat time is it? / _cwritten and illustrated by Julie Durrell. |
||
| 260 |
_aNew York : _bA Golden Book, _c1990. |
||
| 300 | _a1 v. p. : ill. ; cm. | ||
| 650 |
_aTime _xJuvenile literature. |
||
| 999 |
_c112122 _d112122 |
||